[Event "DVM U10 2023"]
[Site "Magdeburg GER"]
[Date "2023.12.28"]
[Round "5"]
[White "Estrin, Boris"]
[Black "Kjulbassanoff, Kilian"]
[Result "0-1"]
[Termination "normal"]
[Board "11.1"]
[WhiteElo "1115"]
[BlackElo "1224"]
[WhiteClock "00:40:50"]
[BlackClock "00:34:46"]
[WhiteTeam "Düsseldorfer SK 14/25"]
[BlackTeam "SV Dresden-Striesen 1990"]
[PlyCount "108"]
[WhiteFideId "34649859"]
[EventCountry "GER"]
[EventRounds "7"]
[EventType "team-swiss"]
[EventDate "2023.12.27"]

1. e4 {[%clk 00:55:09]} {[%emt 00:00:01]} e5 {[%clk 00:54:48]} {[%emt
00:00:23]} 2. Nf3 {[%clk 00:55:05]} {[%emt 00:00:08]} Nc6 {[%clk 00:54:41]}
{[%emt 00:00:12]} 3. Bb5 {[%clk 00:55:02]} {[%emt 00:00:08]} f6 {[%clk
00:54:18]} {[%emt 00:00:28]} 4. O-O {[%clk 00:54:52]} {[%emt 00:00:15]} a6
{[%clk 00:54:17]} {[%emt 00:00:06]} 5. Ba4 {[%clk 00:54:48]} {[%emt 00:00:09]}
Bc5 {[%clk 00:53:32]} {[%emt 00:00:49]} 6. c3 {[%clk 00:54:36]} {[%emt
00:00:17]} Nge7 {[%clk 00:53:08]} {[%emt 00:00:30]} 7. d4 {[%clk 00:54:25]}
{[%emt 00:00:16]} exd4 {[%clk 00:52:45]} {[%emt 00:00:27]} 8. cxd4 {[%clk
00:54:20]} {[%emt 00:00:10]} Bb4 {[%clk 00:52:13]} {[%emt 00:00:37]} 9. Bd2
{[%clk 00:53:56]} {[%emt 00:00:29]} O-O {[%clk 00:51:15]} {[%emt 00:01:03]} 10.
Qb3+ {[%clk 00:52:59]} {[%emt 00:01:02]} Kh8 {[%clk 00:50:23]} {[%emt
00:00:57]} 11. Bxb4 {[%clk 00:52:47]} {[%emt 00:00:18]} b5 {[%clk 00:49:58]}
{[%emt 00:00:30]} 12. Bxe7 {[%clk 00:52:33]} {[%emt 00:00:18]} Qxe7 {[%clk
00:49:41]} {[%emt 00:00:23]} 13. Bxb5 {[%clk 00:51:59]} {[%emt 00:00:39]} axb5
{[%clk 00:49:36]} {[%emt 00:00:11]} 14. Qxb5 {[%clk 00:51:45]} {[%emt
00:00:18]} Ba6 {[%clk 00:49:14]} {[%emt 00:00:26]} 15. Qb3 {[%clk 00:51:13]}
{[%emt 00:00:37]} Bxf1 {[%clk 00:49:08]} {[%emt 00:00:11]} 16. Kxf1 {[%clk
00:51:07]} {[%emt 00:00:11]} Qxe4 {[%clk 00:48:24]} {[%emt 00:00:49]} 17. Nc3
{[%clk 00:50:59]} {[%emt 00:00:14]} Qd3+ {[%clk 00:47:52]} {[%emt 00:00:36]}
18. Kg1 {[%clk 00:50:41]} {[%emt 00:00:23]} Nxd4 {[%clk 00:47:29]} {[%emt
00:00:29]} 19. Nxd4 {[%clk 00:50:00]} {[%emt 00:00:46]} Qxd4 {[%clk 00:47:18]}
{[%emt 00:00:16]} 20. Rd1 {[%clk 00:49:51]} {[%emt 00:00:14]} Qb6 {[%clk
00:46:26]} {[%emt 00:00:57]} 21. Qc2 {[%clk 00:49:18]} {[%emt 00:00:38]} Rfe8
{[%clk 00:45:50]} {[%emt 00:00:41]} 22. Nd5 {[%clk 00:48:45]} {[%emt 00:00:37]}
Qc6 {[%clk 00:45:07]} {[%emt 00:00:49]} 23. Qxc6 {[%clk 00:48:27]} {[%emt
00:00:22]} dxc6 {[%clk 00:45:07]} {[%emt 00:00:06]} 24. Nxc7 {[%clk 00:48:24]}
{[%emt 00:00:08]} Rad8 {[%clk 00:45:03]} {[%emt 00:00:08]} 25. Rf1 {[%clk
00:47:47]} {[%emt 00:00:42]} Re2 {[%clk 00:44:33]} {[%emt 00:00:35]} 26. h3
{[%clk 00:47:22]} {[%emt 00:00:30]} Rxb2 {[%clk 00:44:19]} {[%emt 00:00:20]}
27. Ra1 {[%clk 00:47:02]} {[%emt 00:00:25]} Rdd2 {[%clk 00:43:44]} {[%emt
00:00:40]} 28. Re1 {[%clk 00:46:41]} {[%emt 00:00:26]} h6 {[%clk 00:43:39]}
{[%emt 00:00:09]} 29. a4 {[%clk 00:46:31]} {[%emt 00:00:15]} Ra2 {[%clk
00:43:23]} {[%emt 00:00:22]} 30. Re4 {[%clk 00:46:25]} {[%emt 00:00:11]} Rd1+
{[%clk 00:43:23]} {[%emt 00:00:05]} 31. Kh2 {[%clk 00:46:17]} {[%emt 00:00:13]}
Rda1 {[%clk 00:43:21]} {[%emt 00:00:06]} 32. a5 {[%clk 00:45:55]} {[%emt
00:00:27]} Rxa5 {[%clk 00:43:10]} {[%emt 00:00:17]} 33. Rc4 {[%clk 00:45:25]}
{[%emt 00:00:35]} R1a2 {[%clk 00:42:09]} {[%emt 00:01:05]} 34. f3 {[%clk
00:45:12]} {[%emt 00:00:18]} Rg5 {[%clk 00:41:48]} {[%emt 00:00:26]} 35. Rxc6
{[%clk 00:44:52]} {[%emt 00:00:25]} Rgxg2+ {[%clk 00:41:38]} {[%emt 00:00:15]}
36. Kh1 {[%clk 00:44:45]} {[%emt 00:00:12]} Rgc2 {[%clk 00:41:24]} {[%emt
00:00:20]} 37. Rxc2 {[%clk 00:44:35]} {[%emt 00:00:15]} Rxc2 {[%clk 00:41:17]}
{[%emt 00:00:12]} 38. Ne6 {[%clk 00:44:31]} {[%emt 00:00:08]} Re2 {[%clk
00:40:37]} {[%emt 00:00:45]} 39. Nd4 {[%clk 00:44:13]} {[%emt 00:00:23]} Rd2
{[%clk 00:40:21]} {[%emt 00:00:22]} 40. Nf5 {[%clk 00:44:00]} {[%emt 00:00:18]}
Kh7 {[%clk 00:39:53]} {[%emt 00:00:33]} 41. h4 {[%clk 00:43:40]} {[%emt
00:00:24]} g6 {[%clk 00:39:30]} {[%emt 00:00:29]} 42. Ng3 {[%clk 00:43:19]}
{[%emt 00:00:26]} f5 {[%clk 00:39:01]} {[%emt 00:00:34]} 43. h5 {[%clk
00:43:02]} {[%emt 00:00:22]} f4 {[%clk 00:38:21]} {[%emt 00:00:45]} 44. Ne4
{[%clk 00:42:53]} {[%emt 00:00:13]} Rd1+ {[%clk 00:37:54]} {[%emt 00:00:33]}
45. Kg2 {[%clk 00:42:48]} {[%emt 00:00:10]} gxh5 {[%clk 00:37:39]} {[%emt
00:00:20]} 46. Kh3 {[%clk 00:42:43]} {[%emt 00:00:10]} Kg6 {[%clk 00:37:18]}
{[%emt 00:00:23]} 47. Kg2 {[%clk 00:42:37]} {[%emt 00:00:13]} h4 {[%clk
00:36:52]} {[%emt 00:00:32]} 48. Kh3 {[%clk 00:42:25]} {[%emt 00:00:17]} Rd3
{[%clk 00:36:37]} {[%emt 00:00:20]} 49. Kxh4 {[%clk 00:41:55]} Rxf3 {[%clk
00:36:31]} {[%emt 00:00:45]} 50. Kg4 {[%clk 00:41:47]} {[%emt 00:00:14]} Rf1
{[%clk 00:36:00]} {[%emt 00:00:36]} 51. Kh3 {[%clk 00:41:32]} {[%emt 00:00:20]}
Kf5 {[%clk 00:35:30]} {[%emt 00:00:35]} 52. Nd6+ {[%clk 00:41:12]} {[%emt
00:00:24]} Ke5 {[%clk 00:35:08]} {[%emt 00:00:27]} 53. Nf7+ {[%clk 00:40:58]}
{[%emt 00:00:20]} Kd4 {[%clk 00:34:49]} {[%emt 00:00:21]} 54. Nxh6 {[%clk
00:40:50]} {[%emt 00:00:15]} Rh1+ {[%clk 00:34:46]} {[%emt 00:00:08]} 0-1

[Event "DVM U10 2023"]
[Site "Magdeburg GER"]
[Date "2023.12.28"]
[Round "5"]
[White "Cetinalp, Poyraz"]
[Black "Giganov, Zakhar"]
[Result "1/2-1/2"]
[Termination "normal"]
[Board "11.2"]
[WhiteElo "1171"]
[BlackElo "973"]
[WhiteClock "00:04:33"]
[BlackClock "00:12:08"]
[WhiteTeam "SV Dresden-Striesen 1990"]
[BlackTeam "Düsseldorfer SK 14/25"]
[PlyCount "140"]
[WhiteFideId "34671340"]
[BlackFideId "34676511"]
[EventCountry "GER"]
[EventRounds "7"]
[EventType "team-swiss"]
[EventDate "2023.12.27"]

1. e4 {[%clk 00:55:09]} e5 {[%clk 00:55:05]} {[%emt 00:00:05]} 2. Nf3 {[%clk
00:55:11]} {[%emt 00:00:04]} Nc6 {[%clk 00:55:01]} {[%emt 00:00:08]} 3. Bb5
{[%clk 00:55:12]} {[%emt 00:00:05]} Nf6 {[%clk 00:54:39]} {[%emt 00:00:26]} 4.
Nc3 {[%clk 00:55:13]} {[%emt 00:00:05]} Bb4 {[%clk 00:54:29]} {[%emt 00:00:14]}
5. d3 {[%clk 00:54:59]} {[%emt 00:00:19]} Bxc3+ {[%clk 00:54:24]} {[%emt
00:00:10]} 6. bxc3 {[%clk 00:53:00]} {[%emt 00:02:05]} a6 {[%clk 00:54:20]}
{[%emt 00:00:09]} 7. Ba4 {[%clk 00:52:57]} {[%emt 00:00:07]} b5 {[%clk
00:54:12]} {[%emt 00:00:13]} 8. Bb3 {[%clk 00:52:58]} {[%emt 00:00:04]} d6
{[%clk 00:54:05]} {[%emt 00:00:13]} 9. O-O {[%clk 00:52:52]} {[%emt 00:00:11]}
O-O {[%clk 00:54:04]} {[%emt 00:00:06]} 10. Bg5 {[%clk 00:52:50]} {[%emt
00:00:06]} h6 {[%clk 00:53:55]} {[%emt 00:00:14]} 11. Bh4 {[%clk 00:52:49]}
{[%emt 00:00:06]} Re8 {[%clk 00:53:37]} {[%emt 00:00:23]} 12. d4 {[%clk
00:52:38]} {[%emt 00:00:17]} exd4 {[%clk 00:53:25]} {[%emt 00:00:16]} 13. cxd4
{[%clk 00:52:16]} {[%emt 00:00:27]} Bg4 {[%clk 00:53:01]} {[%emt 00:00:29]} 14.
h3 {[%clk 00:52:14]} {[%emt 00:00:08]} Bh5 {[%clk 00:52:54]} {[%emt 00:00:11]}
15. c3 {[%clk 00:52:12]} {[%emt 00:00:08]} Rxe4 {[%clk 00:52:15]} {[%emt
00:00:43]} 16. Bd5 {[%clk 00:51:06]} {[%emt 00:01:11]} Rxh4 {[%clk 00:50:39]}
{[%emt 00:01:41]} 17. Bxc6 {[%clk 00:47:56]} {[%emt 00:03:15]} Ra7 {[%clk
00:50:20]} {[%emt 00:00:24]} 18. Qd3 {[%clk 00:46:54]} {[%emt 00:01:01]} Bxf3
{[%clk 00:49:41]} {[%emt 00:00:49]} 19. Qxf3 {[%clk 00:46:48]} {[%emt
00:00:12]} d5 {[%clk 00:48:12]} {[%emt 00:01:34]} 20. a4 {[%clk 00:45:42]}
{[%emt 00:01:10]} bxa4 {[%clk 00:47:36]} {[%emt 00:00:41]} 21. Bxa4 {[%clk
00:45:09]} {[%emt 00:00:39]} Re4 {[%clk 00:46:00]} {[%emt 00:01:41]} 22. Bb5
{[%clk 00:44:04]} {[%emt 00:01:10]} Re6 {[%clk 00:45:22]} {[%emt 00:00:43]} 23.
Ra2 {[%clk 00:43:08]} {[%emt 00:01:01]} Qb8 {[%clk 00:43:57]} {[%emt 00:01:29]}
24. Be2 {[%clk 00:41:25]} {[%emt 00:01:49]} Qa8 {[%clk 00:41:58]} {[%emt
00:02:04]} 25. Rfa1 {[%clk 00:40:27]} {[%emt 00:01:03]} Rd6 {[%clk 00:41:12]}
{[%emt 00:00:51]} 26. Bd3 {[%clk 00:39:26]} {[%emt 00:01:06]} Nd7 {[%clk
00:39:52]} {[%emt 00:01:25]} 27. Qf5 {[%clk 00:37:40]} {[%emt 00:01:49]} g6
{[%clk 00:39:30]} {[%emt 00:00:30]} 28. Qf4 {[%clk 00:35:59]} {[%emt 00:01:40]}
Kh7 {[%clk 00:38:30]} {[%emt 00:01:08]} 29. Qxf7+ {[%clk 00:34:59]} {[%emt
00:01:07]} Kh8 {[%clk 00:38:02]} {[%emt 00:00:33]} 30. Re2 {[%clk 00:34:01]}
{[%emt 00:01:04]} Nf6 {[%clk 00:35:39]} {[%emt 00:02:28]} 31. Qxg6 {[%clk
00:32:08]} {[%emt 00:01:56]} Qf8 {[%clk 00:34:03]} {[%emt 00:01:43]} 32. Rae1
{[%clk 00:29:51]} {[%emt 00:02:10]} Qg7 {[%clk 00:33:57]} {[%emt 00:00:22]} 33.
Re8+ {[%clk 00:26:53]} {[%emt 00:03:03]} Ng8 {[%clk 00:33:38]} {[%emt
00:00:25]} 34. Qf5 {[%clk 00:21:30]} {[%emt 00:05:26]} c6 {[%clk 00:32:29]}
{[%emt 00:01:15]} 35. Qf4 {[%clk 00:18:43]} {[%emt 00:02:49]} Rf6 {[%clk
00:31:38]} {[%emt 00:00:59]} 36. Qg3 {[%clk 00:15:45]} {[%emt 00:02:55]} a5
{[%clk 00:31:03]} {[%emt 00:00:48]} 37. Qxg7+ {[%clk 00:15:25]} {[%emt
00:00:26]} Rxg7 {[%clk 00:30:51]} {[%emt 00:00:15]} 38. Ra8 {[%clk 00:14:59]}
{[%emt 00:00:32]} Rf3 {[%clk 00:30:34]} {[%emt 00:00:21]} 39. Re3 {[%clk
00:14:16]} {[%emt 00:00:49]} Rxe3 {[%clk 00:29:52]} {[%emt 00:00:47]} 40. fxe3
{[%clk 00:14:14]} {[%emt 00:00:08]} Re7 {[%clk 00:29:20]} {[%emt 00:00:36]} 41.
Kf2 {[%clk 00:14:08]} {[%emt 00:00:11]} Rf7+ {[%clk 00:29:18]} {[%emt
00:00:07]} 42. Ke2 {[%clk 00:14:07]} {[%emt 00:00:07]} Rg7 {[%clk 00:29:06]}
{[%emt 00:00:16]} 43. g4 {[%clk 00:13:03]} {[%emt 00:01:09]} Rb7 {[%clk
00:28:43]} {[%emt 00:00:27]} 44. Kd2 {[%clk 00:12:37]} {[%emt 00:00:31]} Rb2+
{[%clk 00:28:29]} {[%emt 00:00:20]} 45. Bc2 {[%clk 00:12:34]} {[%emt 00:00:06]}
Ra2 {[%clk 00:28:24]} {[%emt 00:00:12]} 46. Rb8 {[%clk 00:12:14]} {[%emt
00:00:25]} a4 {[%clk 00:26:56]} {[%emt 00:01:34]} 47. Kd3 {[%clk 00:11:52]}
{[%emt 00:00:27]} Ra1 {[%clk 00:26:08]} {[%emt 00:00:52]} 48. Rb1 {[%clk
00:11:14]} {[%emt 00:00:44]} Rxb1 {[%clk 00:26:00]} {[%emt 00:00:12]} 49. Bxb1
{[%clk 00:11:14]} {[%emt 00:00:05]} Nf6 {[%clk 00:25:46]} {[%emt 00:00:20]} 50.
Kc2 {[%clk 00:10:57]} {[%emt 00:00:22]} Ne4 {[%clk 00:25:22]} {[%emt 00:00:28]}
51. Kb2 {[%clk 00:10:51]} {[%emt 00:00:11]} a3+ {[%clk 00:25:09]} {[%emt
00:00:17]} 52. Kxa3 {[%clk 00:10:51]} {[%emt 00:00:06]} Nxc3 {[%clk 00:25:07]}
{[%emt 00:00:06]} 53. Bf5 {[%clk 00:09:59]} {[%emt 00:00:58]} Kg7 {[%clk
00:23:06]} {[%emt 00:02:07]} 54. Kb4 {[%clk 00:09:52]} {[%emt 00:00:12]} Nd1
{[%clk 00:21:18]} {[%emt 00:01:53]} 55. Kc5 {[%clk 00:09:52]} {[%emt 00:00:05]}
Nxe3 {[%clk 00:20:51]} {[%emt 00:00:29]} 56. Kxc6 {[%clk 00:09:50]} {[%emt
00:00:10]} Kf6 {[%clk 00:19:30]} {[%emt 00:01:24]} 57. Kd6 {[%clk 00:09:20]}
{[%emt 00:00:36]} Kg5 {[%clk 00:18:30]} {[%emt 00:01:05]} 58. Be4 {[%clk
00:09:01]} {[%emt 00:00:25]} Kh4 {[%clk 00:18:04]} {[%emt 00:00:30]} 59. Bxd5
{[%clk 00:08:48]} {[%emt 00:00:18]} Kxh3 {[%clk 00:17:25]} {[%emt 00:00:43]}
60. Be6 {[%clk 00:08:10]} {[%emt 00:00:43]} Kh4 {[%clk 00:17:07]} {[%emt
00:00:24]} 61. Bf5 {[%clk 00:06:47]} {[%emt 00:01:29]} h5 {[%clk 00:16:45]}
{[%emt 00:00:27]} 62. Ke5 {[%clk 00:04:39]} {[%emt 00:02:13]} hxg4 {[%clk
00:16:02]} {[%emt 00:00:47]} 63. Bxg4 {[%clk 00:04:23]} {[%emt 00:00:21]} Kxg4
{[%clk 00:15:32]} {[%emt 00:00:33]} 64. Ke4 {[%clk 00:04:28]} {[%emt 00:00:03]}
Nf5 {[%clk 00:15:20]} {[%emt 00:00:17]} 65. d5 {[%clk 00:04:30]} {[%emt
00:00:04]} Kg5 {[%clk 00:14:54]} {[%emt 00:00:29]} 66. Ke5 {[%clk 00:04:33]}
{[%emt 00:00:03]} Kg4 {[%clk 00:14:28]} {[%emt 00:00:30]} 67. Ke6 {[%clk
00:04:34]} {[%emt 00:00:04]} Kf4 {[%clk 00:13:03]} {[%emt 00:01:30]} 68. Kd7
{[%clk 00:04:29]} {[%emt 00:00:10]} Ke5 {[%clk 00:12:54]} {[%emt 00:00:13]} 69.
Kc6 {[%clk 00:04:32]} {[%emt 00:00:03]} Ne7+ {[%clk 00:12:27]} {[%emt
00:00:32]} 70. Kc5 {[%clk 00:04:33]} {[%emt 00:00:05]} Nxd5 {[%clk 00:12:08]}
1/2-1/2

[Event "DVM U10 2023"]
[Site "Magdeburg GER"]
[Date "2023.12.28"]
[Round "5"]
[White "Kurakin, Martin"]
[Black "Mayer, Frederik Eliot"]
[Result "1-0"]
[Termination "normal"]
[Board "11.3"]
[WhiteElo "1064"]
[BlackElo "1036"]
[WhiteClock "00:44:27"]
[BlackClock "00:45:24"]
[WhiteTeam "Düsseldorfer SK 14/25"]
[BlackTeam "SV Dresden-Striesen 1990"]
[PlyCount "39"]
[WhiteFideId "4519949"]
[EventCountry "GER"]
[EventRounds "7"]
[EventType "team-swiss"]
[EventDate "2023.12.27"]

1. e4 {[%clk 00:55:09]} e5 {[%clk 00:54:59]} {[%emt 00:00:11]} 2. Nf3 {[%clk
00:55:08]} {[%emt 00:00:06]} Nc6 {[%clk 00:54:56]} {[%emt 00:00:08]} 3. d4
{[%clk 00:55:08]} {[%emt 00:00:06]} exd4 {[%clk 00:54:35]} {[%emt 00:00:26]} 4.
Nxd4 {[%clk 00:55:04]} {[%emt 00:00:08]} Nxd4 {[%clk 00:54:33]} {[%emt
00:00:07]} 5. Qxd4 {[%clk 00:55:00]} {[%emt 00:00:10]} Nf6 {[%clk 00:54:20]}
{[%emt 00:00:16]} 6. Bc4 {[%clk 00:54:01]} {[%emt 00:01:04]} b6 {[%clk
00:53:48]} {[%emt 00:00:38]} 7. O-O {[%clk 00:53:54]} {[%emt 00:00:12]} Bc5
{[%clk 00:53:42]} {[%emt 00:00:10]} 8. Qd3 {[%clk 00:53:13]} {[%emt 00:00:45]}
O-O {[%clk 00:53:29]} {[%emt 00:00:19]} 9. Nc3 {[%clk 00:51:32]} {[%emt
00:01:47]} Bb7 {[%clk 00:53:21]} {[%emt 00:00:13]} 10. Bg5 {[%clk 00:51:13]}
{[%emt 00:00:19]} h6 {[%clk 00:53:09]} {[%emt 00:00:22]} 11. Bh4 {[%clk
00:51:11]} {[%emt 00:00:07]} g5 {[%clk 00:52:17]} {[%emt 00:00:56]} 12. Bg3
{[%clk 00:50:29]} {[%emt 00:00:44]} Qe7 {[%clk 00:51:34]} {[%emt 00:00:51]} 13.
e5 {[%clk 00:50:10]} {[%emt 00:00:25]} Nh7 {[%clk 00:49:54]} {[%emt 00:01:38]}
14. Qg6+ {[%clk 00:49:55]} {[%emt 00:01:04]} Kh8 {[%clk 00:49:20]} {[%emt
00:00:30]} 15. Qxh6 {[%clk 00:49:56]} {[%emt 00:00:17]} Rg8 {[%clk 00:48:35]}
{[%emt 00:00:45]} 16. e6 {[%clk 00:46:21]} {[%emt 00:03:46]} Rg6 {[%clk
00:47:55]} {[%emt 00:00:42]} 17. Be5+ {[%emt 00:01:16]} Kg8 {[%clk 00:47:09]}
{[%emt 00:00:41]} 18. exf7+ {[%clk 00:45:15]} {[%emt 00:00:13]} Qxf7 {[%clk
00:46:24]} {[%emt 00:00:50]} 19. Qxg6+ {[%emt 00:01:03]} Kf8 {[%clk 00:45:24]}
{[%emt 00:00:40]} 20. Qxf7# {[%clk 00:44:27]} {[%emt 00:00:14]} 1-0

[Event "DVM U10 2023"]
[Site "Magdeburg GER"]
[Date "2023.12.28"]
[Round "5"]
[White "Willems, Lasse"]
[Black "Moskalenko, Michael"]
[Result "0-1"]
[Termination "normal"]
[Board "12.1"]
[WhiteElo "1133"]
[BlackElo "1294"]
[WhiteClock "00:30:41"]
[BlackClock "00:14:15"]
[WhiteTeam "SC Ramstein-Miesenbach"]
[BlackTeam "Elmshorner SC 1896"]
[PlyCount "104"]
[BlackFideId "34608877"]
[EventCountry "GER"]
[EventRounds "7"]
[EventType "team-swiss"]
[EventDate "2023.12.27"]

1. c4 {[%clk 00:55:08]} {[%emt 00:00:02]} e6 {[%clk 00:55:04]} {[%emt
00:00:06]} 2. g3 {[%clk 00:55:04]} {[%emt 00:00:08]} d5 {[%clk 00:54:57]}
{[%emt 00:00:12]} 3. cxd5 {[%clk 00:54:48]} {[%emt 00:00:22]} exd5 {[%clk
00:54:44]} {[%emt 00:00:19]} 4. d4 {[%clk 00:54:42]} {[%emt 00:00:09]} Nf6
{[%clk 00:54:24]} {[%emt 00:00:26]} 5. Bg2 {[%clk 00:54:30]} {[%emt 00:00:16]}
c5 {[%clk 00:53:48]} {[%emt 00:00:42]} 6. e3 {[%clk 00:53:55]} {[%emt
00:00:39]} Nc6 {[%clk 00:53:10]} {[%emt 00:00:44]} 7. Nc3 {[%clk 00:53:52]}
{[%emt 00:00:08]} cxd4 {[%clk 00:51:21]} {[%emt 00:01:54]} 8. exd4 {[%clk
00:53:52]} {[%emt 00:00:04]} Bb4 {[%clk 00:50:40]} {[%emt 00:00:47]} 9. a3
{[%clk 00:53:30]} {[%emt 00:00:27]} Bxc3+ {[%clk 00:48:07]} {[%emt 00:02:38]}
10. bxc3 {[%clk 00:53:32]} {[%emt 00:00:02]} O-O {[%clk 00:47:48]} {[%emt
00:00:24]} 11. Nf3 {[%clk 00:53:22]} {[%emt 00:00:16]} Re8+ {[%clk 00:46:58]}
{[%emt 00:00:55]} 12. Be3 {[%clk 00:53:13]} {[%emt 00:00:13]} Ne4 {[%clk
00:46:15]} {[%emt 00:00:49]} 13. Qc2 {[%clk 00:52:33]} {[%emt 00:00:45]} Qa5
{[%clk 00:45:13]} {[%emt 00:01:07]} 14. O-O {[%clk 00:51:42]} {[%emt 00:00:55]}
Bf5 {[%clk 00:43:19]} {[%emt 00:02:00]} 15. Qb3 {[%clk 00:51:13]} {[%emt
00:00:34]} b6 {[%clk 00:41:43]} {[%emt 00:01:41]} 16. Rfc1 {[%clk 00:50:17]}
{[%emt 00:01:00]} Rac8 {[%clk 00:38:47]} {[%emt 00:03:02]} 17. Ra2 {[%clk
00:48:58]} {[%emt 00:01:25]} Ne7 {[%clk 00:35:57]} {[%emt 00:02:54]} 18. Qb4
{[%clk 00:45:17]} {[%emt 00:03:45]} Nc6 {[%clk 00:31:39]} {[%emt 00:04:23]} 19.
Qxa5 {[%clk 00:45:06]} {[%emt 00:00:17]} Nxa5 {[%clk 00:31:37]} {[%emt
00:00:07]} 20. Bd2 {[%clk 00:41:30]} {[%emt 00:03:41]} Nb3 {[%clk 00:30:06]}
{[%emt 00:01:36]} 21. Rd1 {[%clk 00:39:46]} {[%emt 00:01:49]} Nbxd2 {[%clk
00:26:34]} {[%emt 00:03:37]} 22. Nxd2 {[%clk 00:39:25]} {[%emt 00:00:24]} Nxc3
{[%clk 00:26:01]} {[%emt 00:00:39]} 23. Raa1 {[%clk 00:38:48]} {[%emt
00:00:43]} Nxd1 {[%clk 00:24:27]} {[%emt 00:01:39]} 24. Rxd1 {[%clk 00:38:49]}
{[%emt 00:00:04]} Be6 {[%clk 00:22:52]} {[%emt 00:01:40]} 25. h4 {[%clk
00:37:56]} {[%emt 00:00:57]} Rc3 {[%clk 00:21:54]} {[%emt 00:01:03]} 26. Re1
{[%clk 00:37:11]} {[%emt 00:00:50]} Kf8 {[%clk 00:20:41]} {[%emt 00:01:19]} 27.
Kh2 {[%clk 00:36:32]} {[%emt 00:00:43]} Rxa3 {[%clk 00:20:25]} {[%emt
00:00:22]} 28. f4 {[%clk 00:35:45]} {[%emt 00:00:52]} Bg4 {[%clk 00:18:35]}
{[%emt 00:01:55]} 29. Rf1 {[%clk 00:35:12]} {[%emt 00:00:37]} Ra2 {[%clk
00:17:23]} {[%emt 00:01:17]} 30. Rf2 {[%clk 00:33:12]} {[%emt 00:02:06]} Re2
{[%clk 00:16:52]} {[%emt 00:00:35]} 31. Rxe2 {[%clk 00:32:53]} {[%emt
00:00:23]} Bxe2 {[%clk 00:16:53]} {[%emt 00:00:06]} 32. Nb1 {[%clk 00:32:30]}
{[%emt 00:00:28]} Bf3 {[%clk 00:16:48]} {[%emt 00:00:10]} 33. Nc3 {[%clk
00:32:15]} {[%emt 00:00:20]} Rxg2+ {[%clk 00:16:46]} {[%emt 00:00:07]} 34. Kh3
{[%clk 00:32:09]} {[%emt 00:00:11]} Rg1 {[%clk 00:16:35]} {[%emt 00:00:15]} 35.
g4 {[%clk 00:31:56]} {[%emt 00:00:18]} Bxg4+ {[%clk 00:16:25]} {[%emt
00:00:16]} 36. Kh2 {[%clk 00:31:50]} {[%emt 00:00:10]} Rc1 {[%clk 00:15:41]}
{[%emt 00:00:48]} 37. Nxd5 {[%clk 00:31:51]} {[%emt 00:00:05]} b5 {[%clk
00:15:21]} {[%emt 00:00:26]} 38. Kg3 {[%clk 00:31:45]} {[%emt 00:00:11]} Be6
{[%clk 00:15:05]} {[%emt 00:00:20]} 39. Nb4 {[%clk 00:31:25]} {[%emt 00:00:26]}
a5 {[%clk 00:15:00]} {[%emt 00:00:10]} 40. Nd3 {[%clk 00:31:23]} {[%emt
00:00:07]} Rc3 {[%clk 00:15:00]} {[%emt 00:00:05]} 41. Kf2 {[%clk 00:31:23]}
{[%emt 00:00:05]} Rxd3 {[%clk 00:15:01]} {[%emt 00:00:04]} 42. d5 {[%clk
00:31:10]} {[%emt 00:00:19]} Rxd5 {[%clk 00:14:58]} {[%emt 00:00:07]} 43. f5
{[%clk 00:31:07]} {[%emt 00:00:08]} Bxf5 {[%clk 00:14:54]} {[%emt 00:00:09]}
44. h5 {[%clk 00:30:59]} {[%emt 00:00:13]} b4 {[%clk 00:14:51]} {[%emt
00:00:08]} 45. h6 {[%clk 00:30:58]} {[%emt 00:00:06]} gxh6 {[%clk 00:14:48]}
{[%emt 00:00:08]} 46. Ke2 {[%clk 00:30:56]} {[%emt 00:00:07]} b3 {[%clk
00:14:47]} {[%emt 00:00:06]} 47. Ke3 {[%clk 00:30:52]} {[%emt 00:00:08]} b2
{[%clk 00:14:44]} {[%emt 00:00:09]} 48. Ke2 {[%clk 00:30:51]} {[%emt 00:00:06]}
b1=Q {[%clk 00:14:33]} {[%emt 00:00:15]} 49. Kf3 {[%clk 00:30:54]} {[%emt
00:00:03]} Qe4+ {[%clk 00:14:24]} {[%emt 00:00:14]} 50. Kg3 {[%clk 00:30:50]}
{[%emt 00:00:08]} Rd3+ {[%clk 00:14:19]} {[%emt 00:00:10]} 51. Kf2 {[%clk
00:30:49]} {[%emt 00:00:06]} Qf3+ {[%clk 00:14:15]} {[%emt 00:00:10]} 52. Ke1
{[%clk 00:30:41]} {[%emt 00:00:13]} Rd1# {[%clk 00:14:15]} {[%emt 00:00:05]}
0-1